Top 20 Busiest Airports in the Caribbean - Statistics

General Stats
  • This quiz has been taken 1,182 times
  • The average score is 9 of 20
Answer Stats
Hint Answer % Correct
4,067,980 Jose Marti
90%
1,502,973 Norman Manley
87%
2,955,586 Las Americas
80%
3,339,876 Lynden Pindling
78%
8,448,172 San Juan
68%
2,504,469 Piarco
61%
2,074,837 Grantley Adams
48%
5,194,172 Punta Cana
45%
3,381,492 Sangster
45%
2,089,021 Queen Beatrix
44%
1,719,000 Hato
37%
1,065,350 Cibao
35%
1,729,711 Martinique
29%
1,625,964 Princess Juliana
27%
1,215,000 Cyril E King
24%
1,035,826 Owen Roberts
23%
1,275,000 Juan Gualberto
17%
753,324 Gregorio Luperon
16%
1,773,312 Pointe-a-Pitre
10%
1,277,163 Gustavo Rojas
4%
No matching quizzes found
Score Distribution
Percent of People with Each Score
Percentile by Number Answered
Your Score History
You have not taken this quiz